| 000 | 01886nam0a2200385 4500 | ||
|---|---|---|---|
| 001 | RU\NLR\bibl\1240303 | ||
| 005 | 20260406030729.0 | ||
| 010 |
_a978-5-9775-0233-7 _93000 |
||
| 021 |
_aRU _b2008-29535 _91630 |
||
| 035 | _a(NLR Aleph) 001226497 | ||
| 090 |
_a171329 _c171329 |
||
| 100 | _a20080611d2008 |||y0rusy50 ca | ||
| 101 | 0 | _arus | |
| 102 | _aRU | ||
| 105 | _aa ||||||||| | ||
| 200 | 1 |
_aCakewalk SONAR 7 Producer Edition _eзапись и редактирование музыки _e[уровень пользователя начальный/средний _e+CD Extra] _fРоман Петелин, Юрий Петелин |
|
| 210 |
_aСанкт-Петербург _cБХВ-Петербург _d2008 |
||
| 215 |
_a859, [1] с. _cил. _d24 _e1 электр. опт. диск (CD-ROM) |
||
| 225 | 1 | _aМастер | |
| 300 | _aВ макете авт.: Петелин Р.Ю. | ||
| 300 | _aНа 4-й с. обл. 2-й авт: Петелин Ю.В. к.т.н., доц. | ||
| 320 | _aДр. работы авторов в конце кн. | ||
| 606 | 1 |
_aCAKEWALK SONAR 7, музыкальный редактор _92523079 _3RU\NLR\auth\661494977 |
|
| 606 | 1 |
_aМузыка _xЗапись и воспроизведение _xИспользование компьютеров _92165811 _3RU\NLR\auth\661303161 |
|
| 686 | _aЗ973.235-018 | ||
| 686 | _aЩ310.69 | ||
| 700 | 1 |
_4070 _8rus _7ca _aПетелин _bР.Ю. _gРоман Юрьевич _3RU\NLR\AUTH\77973 _9111008 |
|
| 701 | 1 |
_4070 _8rus _7ca _aПетелин _bЮ. В. _cканд. техн. наук, специалист в обл. компьютерной музыки _gЮрий Владимирович _3RU\NLR\AUTH\77972 _9111007 |
|
| 801 | 0 |
_aRU _bNLR _c20080611 _gRCR |
|
| 801 | 1 |
_aRU _bNLR _c20080611 |
|
| 830 | _aавт. по кн. | ||
| 942 | _cBOOK | ||
| 980 | _aNB | ||